| 000 | 00704nam a2200229Ia 4500 | ||
|---|---|---|---|
| 003 | OSt | ||
| 005 | 20220928133127.0 | ||
| 006 | a|||||r|||| 00| 0 | ||
| 007 | ta | ||
| 008 | 220927b |||||||| |||| 00| 0 eng d | ||
| 020 | _c7766.63 | ||
| 024 | _a63729 | ||
| 037 |
_b052, 03/08/2012, Pioneer Book Distributors _cTextual |
||
| 040 |
_aSDCL _cSDCL _beng |
||
| 041 |
_2eng _aeng |
||
| 082 | _aX:78, Q1.1-2 | ||
| 100 |
_aBiech Elaine Ed. _9476269 |
||
| 245 | 0 | _a2011 Pfeiffer annual set..Training-I,Consulting-II. | |
| 260 |
_aHoboken _bJohn Wiley _c2011 |
||
| 942 |
_hX:78, Q1.1-2 _cTEXL _2CC |
||
| 999 |
_c797991 _d797991 |
||